| 000 | 00439nam a22001577a 4500 | ||
|---|---|---|---|
| 003 | OSt | ||
| 005 | 20250416111355.0 | ||
| 008 | 231018s2022 ag ||||| |||| 00| 1 spa d | ||
| 040 | _cbesoc | ||
| 100 | 1 |
_aMedicina, Delfina _d(2002-), _eautor |
|
| 245 | 1 | 0 |
_aPerdón por no ir / _cDelfina Medicina |
| 260 |
_aRosario : _bemr, _c2022 |
||
| 300 | _a18 p. | ||
| 650 | 4 |
_aLiteratura argentina _vCuento _xSiglo XXI _xColección juvenil |
|
| 942 |
_2udc _cOG _n0 |
||
| 999 |
_c472 _d472 |
||